MDQL
is popping MORE tags! Check the
thread
!
Quizzes
Events
Quiz Creation
Community
Videos
Private Events
Remove Ads
Sign In
Join for FREE
Feedback
Dark Mode
Quiz Categories
Sports
Geography
Music
Movies
Television
Just For Fun
Miscellaneous
History
Literature
Language
Science
Gaming
Entertainment
Religion
Holiday
For Kids
Quiz Lab
Recent
Popular Today
Quiz Kudos Today
Editor Picks
Curator Picks
Quizzes by...
Day
Popularity
Type
Ratings
Length
Year
Community
Subscriptions
Recent Discussions
Orange Saloon
Badges
Playlists
Quests
Create
Leaderboards
Showdown
Live 5
Trivia Bingo
Activity
Puzzle Library
Sporcle Events
Private Events
Virtual Trivia
Globe League
Become a Host
Pub Owners
SporcleCon
Opinionation
Our Games
Videos
Blog
Mobile Apps
Partnerships
Remove Ads and Go Orange
Feedback
Television
TV Characters
TV Show
Sitcom
Network
Friends
Reality Shows
Cast
South Park
Star Trek
The Simpsons
Doctor Who
Television
TV Characters
TV Show
Sitcom
Network
Friends
Reality Shows
Cast
South Park
Star Trek
The Simpsons
Doctor Who
Random Quiz
Search Sporcle
×
Quiz Lab
Quiz Lab
Television
Hey Arnold
Select answers by clicking on text or image buttons
Select answers by clicking on text or image buttons
Clickable
Best Score? Go Orange.
Hey Arnold - Follow That Line 4 Stats
Can you pick the Hey Arnold - Follow That Line 4
By
SideshowJazz1
10m
40 Questions
78 Plays
78 Plays
78 Plays
Comments
Comments
Give Quiz Kudos
Give Quiz Kudos
-
- Ratings
hide this ad
More Info
Forced Order
Answers have to be entered in order
Answers have to be entered in order
Random Order
Randomize order of answers
Randomize order of answers
Replay
Link that replays current quiz
Next Quiz
Link to next quiz in quiz playlist
You Got
0%
They Got
Avg Score
42%
Avg Friend Score
Upgrade to see
Score Distribution
Jump to the score distribution portion of the page
Score
0/40
Timer
10:00
0
Plays Today
% Correct
Right, forgetting!
62.8%
Perfect.
60.3%
It felt, well, ever so wrong.
59%
And you can keep your lousy twenty bucks!
57.7%
Curly said they turned into fireballs!
55.1%
I don't know - it matches your description pretty well, hot lips!
53.8%
And don't ever call me at my house ever again! Ever!
53.8%
Oh, excuse me, young man.
52.6%
Yes, Arnold, you heard me correctly, I'm positively mad for you!
52.6%
Well, then, what about you?
52.6%
Underline three times, yes, thank you for calling.
50%
Never mind that, just make sure I still get my lunchline privileges.
50%
Look at me, Arnold! Look at me!
50%
And my sister kept it.
47.4%
Hold up, girls.'Arnold Loves Lila'?
46.2%
Then why don't you just quit?
46.2%
Oh, and the First Man is here to see you.
46.2%
I mean, you're so big and strong, and I'm so small and dainty.
43.6%
Don't you pull a Miriam on me!
42.3%
What if he finds out you wrote it?
42.3%
% Correct
Helga, wait, I know what's going on and you've got everything all wrong!
41%
I was just asking. He's kind of cute.
41%
What am I gonna wear?
41%
Helga, you're not even trying.
39.7%
Where in the heck is Nadine?
39.7%
That's for losers! I've got better things to do!
38.5%
That's it! She's uninvited!
38.5%
Oh Eugene, I've finally realized that Lawrence is pushy and cruel.
35.9%
I'm pretending not to be here.
34.6%
Might as well throw it out.
34.6%
We're stuck downtown, I'm a strawberry, and we don't have any money!
33.3%
Goodnight, little parrot.
33.3%
No contest.
32.1%
Hey, where's my dollar?
32.1%
And I want them delivered by someone I can trust!
29.5%
Helga baby, put your feet up. I'll tell it.
28.2%
And what, may I ask, is so funny?
28.2%
Perhaps by the end of the day, you might even be back on top.
28.2%
Dad, just forget about it, OK?
24.4%
It's right there.
24.4%
Quiz Playlist
Details
Report
Send in Message
Add To Playlist
More Info:
Pick the following line of dialogue in the episode!
Clickable:
Select answers by clicking on text or image buttons
Forced Order:
Answers have to be entered in order
Random Order:
Randomize order of answers
Last Updated: Feb 16, 2017
Quiz Scoreboard
CHALLENGE
Sign Up to Join the Scoreboard
Show All
Scores
Hide
Comments
May contain spoilers
Recently Published
Colored Red Africa Blitz
by spor1
Geography
30s
Find the 'City' Movie
by crazypaving
Movies
60s
5x2 Blitz: Bands
by SL_Kpop136
Music
30s
More to Explore
Quiz From the Vault
Featured Blog Post
14 Easter Pick-up Lines to Find Eggs With
hide this ad
You Might Also Like...
Tags
Hey Arnold
Nickelodeon
Today's Top Quizzes in Television
Browse Television
hide this ad
Top Contributed Quizzes in Television
1
Survivor Journey Challenge
2
Brooklyn Nine Nine Logic Puzzle (How-To-Play)
3
Phoebe Buffay Quotes
4
One Tree Hill Logic Puzzle
5
Survivor Logic Puzzle: Heroes vs. Villains
6
Survivor Trivia
7
Game of Thrones: Tywin Lannister Start to Finish
8
All US Survivor Seasons in Order
9
Emmerdale Characters (from August 2012)
10
Survivor Trivia #6: Criteria Quiz!
Explore More
Trending Topics
Marvel
Disney
Anime
Crossword
NBA
Kpop
Harry Potter
Country
The Office
Puzzle
Song
NFL
WWE
Pokémon
Soccer
hide this ad
More By:
SideshowJazz1
Quiz
Plays
Rating
Category
Featured
Created
Guess The Taylor Swift Song
4,512
4.33
Music
Feb 25, 2015
Total Drama World Tour - Song Line Match
3,246
4.67
Television
Nov 30, 2014
Total Drama - Character's First Line
2,239
5.00
Television
Mar 23, 2015
Total Drama World Tour - Choose The Song
2,212
5.00
Television
Sep 22, 2014
Total Drama World Tour - Choose The Lyric
1,731
4.00
Television
Nov 20, 2014
Go to Creator's Profile
Score Distribution
Quiz Creator Spotlight
SideshowJazz1
Follow
Send a Message
Quizzes Created
-
Created Quiz Play Count
-
More By This Creator
Popular Quizzes Today
1
Find the 'City' Movie
2
5x2 Blitz: Bands
3
Colored Red Africa Blitz
4
Find the US States - No Outlines Minefield
5
The Countries of the World
6
Find the US States
7
9x9 Crossword: Cartoon Network
8
US States
More Television Quizzes
10's Emmy Nominated Lead Actress in a Comedy Series
Editor's Pick
Trending Quizzes
Colored Red Europe Blitz I
Colored Red Africa Blitz II
Colored Red Africa Blitz III
Colored Red Europe Blitz III
Colored Red Europe Blitz II
Recently Updated
Champions League XIs: Real Madrid
pecheneg
Largest US Cities 1790-2010
pecheneg
Rides in Walt Disney World
pecheneg
Most Oscar Losses (Acting)
pecheneg
Beyoncé Albums
pecheneg
Leaping Animals
pecheneg
Reality TV Shows (A-Z)
bhenderson79
Rickey Henderson's Hall of Fame Teammates
pecheneg
Champions League XIs: Arsenal
pecheneg
Quick Pick: Celebrities in WWE's Hall of Fame
aduchscher
Trending Topics
Disney
Marvel
Harry Potter
Kpop
Anime
Crossword
NBA
The Office
Pokémon
Puzzle
WWE
Country
Soccer
NFL
Song
Your Account Isn't Verified!
In order to create a playlist on Sporcle, you need to verify the email address you used during registration. Go to your
Sporcle Settings
to finish the process.
Report this User
Report this user for behavior that violates our
Community Guidelines
.
Details:
Send Report
Go to the Sporcle.com Mobile Site →
Comments